000 00456nam a22001577a 4500
005 20260317100626.0
008 260317b |||||||| |||| 00| 0 eng d
020 _a9781770101975
050 _aDT1971
_b.F67
100 _aFORDE, FIONA
245 _aAN INCOVIENIENT YOUTH
260 _aSOUTH AFRICA
_bPICADOR AFRICA
_c2011
300 _aVI, 274P.
650 _aMALEMA JULIUS- POLITICAL AND SOCIAL VIEW
_vAFRICA NATIONAL CONFERENCE YOUTH LEAGUES
942 _cBK
999 _c4621
_d4621